|
|
|
|
| LEADER |
01001nam a22003012i 4500 |
| 001 |
001689497 |
| 003 |
CZ BrMZK |
| 005 |
20200318084616.0 |
| 007 |
ta |
| 008 |
190620s1951 ru a erf||||||||||rus d |
| 020 |
|
|
|q (Brožováno)
|
| 040 |
|
|
|a ABD046
|b cze
|e rda
|d BOA001
|
| 072 |
|
7 |
|a 636.09
|x Veterinární lékařství
|2 Konspekt
|9 24
|
| 080 |
|
|
|a 636.09
|2 MRF
|
| 080 |
|
|
|a (035)
|2 MRF
|
| 100 |
1 |
|
|a Kolabskij, N. A.
|4 aut
|
| 245 |
1 |
0 |
|a Gemosporidiozy sel'skochozjajstvennych životnych /
|c N.A. Kolabskij
|
| 264 |
|
1 |
|a Moskva :
|b Sel‘chozgiz,
|c 1951
|
| 300 |
|
|
|a 35 stran :
|b černobílé ilustrace ;
|c 20 cm
|
| 336 |
|
|
|a text
|b txt
|2 rdacontent
|
| 337 |
|
|
|a bez média
|b n
|2 rdamedia
|
| 338 |
|
|
|a svazek
|b nc
|2 rdacarrier
|
| 650 |
0 |
7 |
|a nemoci hospodářských zvířat
|7 ph136502
|2 czenas
|
| 655 |
|
7 |
|a příručky
|7 fd133209
|2 czenas
|
| 910 |
|
|
|a BOA001
|b X-0287.590
|
| 990 |
|
|
|a BK
|
| 991 |
|
|
|b 201906
|
| 996 |
7 |
|
|b 2618808344
|c X-0287.590
|l MZK
|r Sklad / do 24 hodin
|n 0
|w 001730651
|u 000010
|a 1
|e BOA001
|j MZK50
|s A
|